| 000 | 01675cam a2200253 4500 | ||
|---|---|---|---|
| 001 | ##L132679 | ||
| 008 | 060228n2006 000 0 eng u | ||
| 020 | _a139781851128365 | ||
| 035 | _a(Sirsi) u132679 | ||
| 041 | 0 | _aeng | |
| 050 | 0 | 4 | _a711.42 $2 18 |
| 110 | 1 |
_aUnited Kingdom _bOffice of the Deputy Prime Minister |
|
| 245 | 0 | 2 | _aA framework for City-Regions |
| 260 |
_aLondon _bODPM _c2006 |
||
| 520 | _aThis ODPM-commissioned research on City-Regions has been published to underpin any sustained future move towards a clear national policy for City-Regions. City-regions are the enlarged territories from which core urban areas draw people for work and services such as shopping, education, health and entertainment. They are functional entities within which business and services operate. City-regional economies play a strong role in driving forward the economies of their regions. The city-regional scale reflects the geography of everyday life rather than the administrative boundaries. Four working papers on aspects of City-Regions have also been published to accompany the main report: on mapping, policy and practice lessons from France, Germany and the Netherlands, travel and regional economic development policy | ||
| 590 | _aIKA280206 | ||
| 650 | 2 | 4 | _aCITY-REGIONS |
| 690 | _aENVIRONMENTAL AND LAND CONSULTANCY-PLANNING AND DEVELOPMENT-STRATEGIC PLANNING | ||
| 700 | 1 | _aMarvin, Simon | |
| 700 | 1 | _aHarding, Alan | |
| 700 | 1 | _aRobson, Brian | |
| 856 | 4 | 0 |
_uhttps://webarchive.nationalarchives.gov.uk/+/http://www.communities.gov.uk/documents/citiesandregions/pdf/143846.pdf _zView the item free of charge in the National Archive |
| 942 | _n0 | ||
| 999 |
_c105213 _d105213 |
||